Multiple Choice City Quiz - Singapore - Statistics

General Stats
  • This quiz has been taken 437 times
  • The average score is 6 of 10
Answer Stats
Question Answer % Correct
What is a common nickname for Singapore? The Lion City
88%
Which of the following countries have NOT occupied Singapore? Mongolia
87%
What is the name of the English creole spoken by many people in Singapore? Singlish
81%
Which of the following titles did Singapore win for 7 years in a row? World's Best Airport
80%
Which of the following mythical creatures is the official mascot of Singapore? Merlion
77%
Which of the following is illegal to sell in Singapore? All of the above
62%
How many UNESCO World Heritage Sites are located in Singapore? 1
36%
How many islands does the city of Singapore consist of? 64
29%
Which of the following imports have several countries banned exporting to Singapore? Sand
11%
Which of the following organizations was founded in Singapore? World Toilet Organization (WTO)
3%
No matching quizzes found
Score Distribution
Percent of People with Each Score
Percentile by Number Answered
Your Score History
You have not taken this quiz